000 01431cam a2200133 4500500
005 20260405051053.0
041 _afre
042 _adc
100 1 0 _aGeiller, Luc
_eauthor
245 0 0 _aPlay on Words : 1001 jeux de mots pour progresser en anglais
260 _bArmand Colin,
_c2020.
520 _aLes jeux de mots sont un moyen efficace et ludique de se familiariser avec une langue étrangère et d’en assimiler les particularités lexicales, syntaxiques et phonologiques. Moyen mnémotechnique redoutable, en plus d’être divertissant, le jeu de mots repose sur des éléments de la langue qu’il est important de maîtriser  : la polysémie, l’homonymie et l'homophonie, la paronymie (rapport lexical entre deux mots de sens différent mais dont la graphie ou la prononciation sont très proches), etc. Grâce à ce recueil, le lecteur apprend du vocabulaire utile et courant, des expressions idiomatiques, des structures complexes et s’entraîne à bien prononcer. Le classement par thème invite à piocher dans le livre selon son humeur ou ses besoins, mais permet également de retrouver plus facilement un jeu de mots marquant. Chaque jeu de mot est traduit et l’effet comique est explicité. Une liste complémentaire de vocabulaire se rapportant au champ lexical accompagne chaque thématique.
856 4 1 _uhttps://shs.cairn.info/play-on-words--9782200625597?lang=fr&redirect-ssocas=7080
999 _c2175129
_d2175129